Rozvojové krajiny subsaharskej Afriky a energetika

Problémy subsaharských krajín. Energetická situácia v subsaharskej oblasti. Význam elektrickej energie v regióne. Možnosti budúceho vývoja energetického sektora.

Saved in:
Bibliographic Details
Main Author: Gavaľová, Viera
Other Authors: Dobošová, Viera
Format: Book Chapter
Language:Slovak
Subjects:
Tags: Add Tag
No Tags, Be the first to tag this record!

MARC

LEADER 00000naa$a2200000$$$4500
001 0055949
005 20240502071633.5
041 0 |a slo 
044 |a SK 
245 1 0 |a Rozvojové krajiny subsaharskej Afriky a energetika  |c Viera Gavaľová, Viera Dobošová 
520 |a Problémy subsaharských krajín. Energetická situácia v subsaharskej oblasti. Význam elektrickej energie v regióne. Možnosti budúceho vývoja energetického sektora. 
610 2 0 |a Subsahara 
610 2 0 |a Afrika 
610 2 0 |a rast hospodársky 
610 2 0 |a krajiny rozvojové 
610 2 0 |a energetika 
610 2 0 |a výroba energie 
100 1 |a Gavaľová, Viera 
700 1 |a Dobošová, Viera